Nepriestrelní

Saved in:
Bibliographic Details
Main Author Burns, Chantal
Format Electronic eBook
LanguageCzech
Published Grada SK 2026
Edition1. elektronické vydání
Subjects
Online AccessDostupné v BOOKPORT po přihlášení pomocí eduID
ISBN978-80-8305-202-4
978-80-8305-200-0
Physical Description1 online zdroj (288 stran)

Cover

LEADER 00000nam a2200000 i 4500
001 bkp100438
003 CZ-prgp
005 20260407112622.0
006 m o d
007 cr cn
008 260407s2026 xr o 000 0 cze
020 |a 978-80-8305-202-4  |c 446 Kč  |q (online ; epub) 
020 |a 978-80-8305-200-0  |c 525 Kč  |q (print) 
040 |a Grada  |b cze  |e rda 
100 1 |a Burns, Chantal 
245 1 0 |a Nepriestrelní  |c Chantal Burns 
250 |a 1. elektronické vydání 
264 1 |b Grada SK  |c 2026 
300 |a 1 online zdroj (288 stran) 
336 |a text  |b txt  |2 rdacontent 
337 |a počítač  |b c  |2 rdamedia 
338 |a online zdroj  |b cr  |2 rdacarrier 
520 3 |a Vydajte sa na cestu k svojej vrodenej odolnosti a objavte poklady ukryté vo vašom vnútornom svete. Naučte sa budovať nepriestrelnú silu, ktorá vám pomôže ustáť výzvy života - nech už prinesie čokoľvek. 
650 0 4 |a Osobní rozvoj a poznání 
650 0 4 |a Sebepoznání 
650 0 4 |a Osobní rozvoj a kariéra 
650 0 4 |a Šťastný život 
856 4 0 |u https://www.bookport.cz/AccountSaml/SignIn/?idp=https://shibboleth.utb.cz/idp/shibboleth&returnUrl=/kniha/nepriestrelni-15908/  |y Dostupné v BOOKPORT po přihlášení pomocí eduID